[Event "GER-ch U25-B"]
[Site "Willingen"]
[Date "2018.05.20"]
[Round "2"]
[White "Celik, Cem"]
[Black "Hoppe, Nico"]
[Result "1-0"]
[WhiteElo "1778"]
[BlackElo "1590"]
[PlyCount "65"]
[EventDate "2018.05.19"]
[EventType "swiss"]
[EventRounds "9"]
[EventCountry "GER"]
[SourceTitle "CBM 184 Extra"]
[Source "ChessBase"]
[SourceDate "2018.06.28"]
[SourceVersion "1"]
[SourceVersionDate "2018.06.28"]
[SourceQuality "1"]

1. e4 c6 2. d4 d5 3. Nc3 dxe4 4. f3 exf3 5. Nxf3 Bg4 6. Bc4 e6 7. 0-0 Nf6 8. Ne2 Be7 9. c3 Nbd7 10. h3 Bxf3 11. Rxf3 c5 12. Be3 0-0 13. Nf4 Qb6 14. Qe2 Rac8 15. Raf1 cxd4 16. cxd4 Qd6 17. Bb3 Nb6 18. Kh1 Nfd5 19. Nxd5 Nxd5 20. Bd2 Bf6 21. Bc3 Nxc3 22. bxc3 Rc7 23. Bc2 Qd5 24. Qd3 Qh5 25. Rg3 Bh4 26. Rg4 f5 27. Rgf4 Kh8 28. Bb3 Rc6 29. Qb5 Rb6 30. Qc5 Re8 31. Bxe6 Rc6 32. Rxf5 g6 33. Qe5+ 1-0